|
|
|
|
| LEADER |
01068nam a2200277 a 4500 |
| 001 |
16752427 |
| 008 |
120115s2011 inu 000 0 eng d |
| 010 |
|
|
|a 2011928441
|
| 020 |
|
|
|a 9780470944882 (pbk : alk. paper)
|
| 020 |
|
|
|a 0470944889 (pbk : alk. paper)
|
| 020 |
|
|
|a 9781118140246
|
| 020 |
|
|
|a 9781118140260
|
| 020 |
|
|
|a 9781118140253
|
| 040 |
|
|
|a DLC
|c DLC
|d BD-DhAAL
|
| 082 |
0 |
0 |
|a 001.4226
|2 22
|
| 100 |
1 |
|
|a Yau, Nathan C.
|
| 245 |
1 |
0 |
|a Visualize this :
|b the flowing data guide to design, visualization, and statistics /
|c Nathan Yau.
|
| 250 |
|
|
|a 1st ed.
|
| 260 |
|
|
|a Indianapolis, IN :
|b Wiley Pubishing, Inc.,
|c 2011.
|
| 300 |
|
|
|a xxvi, 358 p. :
|b ill. ;
|c 24 cm.
|
| 500 |
|
|
|a Includes index.
|
| 541 |
1 |
|
|e 00024198
|
| 650 |
|
0 |
|a Statistics
|x Graphic methods
|x Data processing.
|
| 852 |
1 |
|
|a Ayesha Abed Library
|j General shelf
|
| 999 |
|
|
|c 11775
|d 11775
|
| 952 |
|
|
|0 0
|1 0
|4 0
|6 001_422600000000000_YAU
|7 0
|9 19170
|a BRACUL
|b BRACUL
|c GEN
|d 2012-01-15
|e Karim International
|g 2760.00
|l 3
|m 17
|o 001.4226 YAU
|p 3010024198
|q 2026-07-29
|r 2025-07-16
|s 2025-07-16
|t 1
|w 2012-01-15
|y BK
|